[Event "U12 Burschen Blitz"]
[Site "austriaU18boys"]
[Date "2020.12.11"]
[Round "7"]
[White "Johannes11"]
[Black "XsuperMario"]
[Result "1-0"]
[WhiteElo "1487"]
[BlackElo "1533"]
[Annotator "NA"]
[PlyCount "157"]
[EventDate "2020.12.11"]
[EventType "blitz"]

1. c4 {[%emt 0:00:03]} d5 {[%emt 0:00:02]} 2. cxd5 {[%emt 0:00:04]} Qxd5 {[%emt 0:00:02]} 3. Nc3 {[%emt 0:00:01]} Qd8 {[%emt 0:00:02]} 4. Nf3 {[%emt 0:00:01]} Nf6 {[%emt 0:00:00]} 5. g3 {[%emt 0:00:01]} Nc6 {[%emt 0:00:01]} 6. Bg2 {[%emt 0:00:01]} e5 {[%emt 0:00:02]} 7. O-O {[%emt 0:00:05]} Bc5 {[%emt 0:00:01]} 8. d3 {[%emt 0:00:04]} O-O {[%emt 0:00:02]} 9. a3 {[%emt 0:00:02]} a5 {[%emt 0:00:05]} 10. Na4 {[%emt 0:00:14]} Ba7 {[%emt 0:00:06]} 11. Bd2 {[%emt 0:00:07]} Bd7 {[%emt 0:00:10]} 12. b4 {[%emt 0:00:09]} axb4 {[%emt 0:00:14]} 13. axb4 {[%emt 0:00:00]} Bd4 {[%emt 0:00:04]} 14. Nxd4 {[%emt 0:00:02]} exd4 {[%emt 0:00:00]} 15. Nc5 {[%emt 0:00:05]} Rxa1 {[%emt 0:00:20]} 16. Qxa1 {[%emt 0:00:00]} Qc8 {[%emt 0:00:16]} 17. Nxd7 {[%emt 0:00:19]} Qxd7 {[%emt 0:00:04]} 18. Qb2 {[%emt 0:00:12] XsuperMario offers a draw} Re8 {[%emt 0:00:09]} 19. Bf4 {[%emt 0:00:21]} Nd5 {[%emt 0:00:12]} 20. b5 {[%emt 0:00:21]} Nxf4 {[%emt 0:00:06]} 21. bxc6 {[%emt 0:00:34]} Nxe2+ {[%emt 0:00:02]} 22. Qxe2 {[%emt 0:00:07]} bxc6 {[%emt 0:00:03]} 23. Qc2 {[%emt 0:00:05]} Re6 {[%emt 0:00:04]} 24. Ra1 {[%emt 0:00:06]} h6 {[%emt 0:00:02]} 25. Be4 {[%emt 0:00:05]} g6 {[%emt 0:00:04]} 26. Ra8+ {[%emt 0:00:09]} Kg7 {[%emt 0:00:01]} 27. Ra6 {[%emt 0:00:01]} f5 {[%emt 0:00:10]} 28. Bf3 {[%emt 0:00:18]} Re1+ {[%emt 0:00:32]} 29. Kg2 {[%emt 0:00:02]} g5 {[%emt 0:00:07]} 30. Bxc6 {[%emt 0:00:04]} Qe6 {[%emt 0:00:12]} 31. Bb7 {[%emt 0:00:02]} Qe7 {[%emt 0:00:12]} 32. Rc6 {[%emt 0:00:02]} Qd6 {[%emt 0:00:09]} 33. Rxc7+ {[%emt 0:00:01]} Kf8 {[%emt 0:00:10]} 34. Rc8+ {[%emt 0:00:01]} Kf7 {[%emt 0:00:11]} 35. Qc7+ {[%emt 0:00:08]} Qxc7 {[%emt 0:00:02]} 36. Rxc7+ {[%emt 0:00:00]} Kf6 {[%emt 0:00:06]} 37. Rd7 {[%emt 0:00:02]} Ke5 {[%emt 0:00:02]} 38. Rh7 {[%emt 0:00:02]} Rd1 {[%emt 0:00:01]} 39. Ba6 {[%emt 0:00:01]} f4 {[%emt 0:00:03]} 40. Rxh6 {[%emt 0:00:01]} fxg3 {[%emt 0:00:03]} 41. hxg3 {[%emt 0:00:00]} Kf5 {[%emt 0:00:02]} 42. Bc4 {[%emt 0:00:02]} Rc1 {[%emt 0:00:03]} 43. Rd6 {[%emt 0:00:03]} Ke5 {[%emt 0:00:03]} 44. Rd8 {[%emt 0:00:04]} g4 {[%emt 0:00:02]} 45. f3 {[%emt 0:00:02]} Rc2+ {[%emt 0:00:02]} 46. Kf1 {[%emt 0:00:02]} gxf3 {[%emt 0:00:01]} 47. Re8+ {[%emt 0:00:02]} Kd6 {[%emt 0:00:02]} 48. Rf8 {[%emt 0:00:02]} f2 {[%emt 0:00:02]} 49. Rxf2 {[%emt 0:00:02]} Rc1+ {[%emt 0:00:02]} 50. Kg2 {[%emt 0:00:01]} Ke5 {[%emt 0:00:02]} 51. g4 {[%emt 0:00:01]} Ra1 {[%emt 0:00:03]} 52. g5 {[%emt 0:00:01]} Ra6 {[%emt 0:00:01]} 53. Rf6 {[%emt 0:00:05]} Ra2+ {[%emt 0:00:02]} 54. Kg3 {[%emt 0:00:03]} Ra1 {[%emt 0:00:04]} 55. Re6+ {[%emt 0:00:02]} Kf5 {[%emt 0:00:02]} 56. Rd6 {[%emt 0:00:07]} Rg1+ {[%emt 0:00:02]} 57. Kf2 {[%emt 0:00:01]} Rg4 {[%emt 0:00:02]} 58. g6 {[%emt 0:00:02]} Ke5 {[%emt 0:00:02]} 59. g7 {[%emt 0:00:03]} Kxd6 {[%emt 0:00:03]} 60. g8=Q {[%emt 0:00:01]} Rxg8 {[%emt 0:00:00]} 61. Bxg8 {[%emt 0:00:01]} Ke5 {[%emt 0:00:01]} 62. Kf3 {[%emt 0:00:01]} Kf5 {[%emt 0:00:01]} 63. Bc4 {[%emt 0:00:03]} Ke5 {[%emt 0:00:01]} 64. Kg4 {[%emt 0:00:01]} Kf6 {[%emt 0:00:03]} 65. Kf4 {[%emt 0:00:01]} Ke7 {[%emt 0:00:01]} 66. Ke4 {[%emt 0:00:01]} Kd6 {[%emt 0:00:00]} 67. Kxd4 {[%emt 0:00:01]} Ke7 {[%emt 0:00:01]} 68. Kc5 {[%emt 0:00:01]} Kd7 {[%emt 0:00:00]} 69. Kd5 {[%emt 0:00:01]} Kc7 {[%emt 0:00:00]} 70. Ke6 {[%emt 0:00:01]} Kd8 {[%emt 0:00:01]} 71. d4 {[%emt 0:00:01]} Ke8 {[%emt 0:00:00]} 72. d5 {[%emt 0:00:01]} Kd8 {[%emt 0:00:00]} 73. d6 {[%emt 0:00:01]} Ke8 {[%emt 0:00:00]} 74. Bb5+ {[%emt 0:00:03]} Kd8 {[%emt 0:00:01]} 75. d7 {[%emt 0:00:01]} Kc7 {[%emt 0:00:01]} 76. Ke7 {[%emt 0:00:01]} Kb7 {[%emt 0:00:02]} 77. d8=Q {[%emt 0:00:02]} Ka7 {[%emt 0:00:01]} 78. Qc7+ {[%emt 0:00:04]} Ka8 {[%emt 0:00:01]} 79. Bc6# {[%emt 0:00:01] Mate Mate} 1-0